000 00623cam a2200205 4500
001 B2653
008 090401t1988 xxu||||| |||| 00| 0 eng d
035 _a(Sirsi) u51316
041 _aeng
050 _a333.332095125
110 _aHong Kong Institute of Surveyors
_93136
245 _aHong Kong guidance notes on the valuation of property assets
260 _aHong Kong
_bHong Kong Institute of Surveyors
_c1988
300 _alv. (loose-leaf) ; 30cm.
350 _a27
650 _aASSET VALUATION
710 _aRoyal Institution of Chartered Surveyors
_bHong Kong Branch
_91269
942 _n0
948 _c04/03/1997
999 _c92866
_d92866